| 000 | 00703nam a2200229 i 4500 | ||
|---|---|---|---|
| 001 | 62095 | ||
| 003 | ES-MaACL | ||
| 005 | 20250831120443.0 | ||
| 007 | t| | ||
| 008 | 031118s1978 sp ||||1| spa d | ||
| 020 | _a84-271-1108-8 | ||
| 100 | 1 |
_aFantuzzi, Virgilio. _948817 |
|
| 245 | 1 | 0 |
_aPier Paolo Pasolini / _cVirgilio Fautuzzi ; [traducción del italiano de José Luis Blanco Vega]. |
| 260 |
_aBilbao : _bMensajero, _c[1978] |
||
| 300 |
_a226 p. ; _c21 cm. |
||
| 490 | 1 | _aCinereseña | |
| 600 | 1 | 4 |
_aPasolini, Pier Paolo, _d1922-1975 _989424 |
| 700 | 1 |
_aBlanco Vega, José Luis. _929303 |
|
| 830 | 0 |
_aCinereseña _9182828 |
|
| 852 |
_aES-MaACL _jL-8600 _bR.110454 |
||
| 999 |
_c62095 _d62095 |
||